Malmaison et l'Egypte : Musée national des châteaux de Malmaison et Bois-Préau, 15 avril-31 juillet 1998.
Corporate Author:
Format: Book
Language: French
Published:
[Malmaison?] :
Musee national des chateaux de Malmaison et Bois-Preau,
[1998].
Subjects:
Tags: Add Tag
Call Number: DT59 .F7 M884 1998
| LEADER | 01083namaa2200265 4500 | ||
|---|---|---|---|
| 003 | OSt | ||
| 005 | 20260517125440.0 | ||
| 008 | 010213s1998 fr a bc 000 0 fre d | ||
| 020 | |a 2950973825 | ||
| 040 | |c ARCE Library | ||
| 043 | |a e-fr--- | ||
| 050 | 4 | |a DT59 .F7 M884 1998 | |
| 110 | 2 | |a Musée national des châteaux de Malmaison et de Bois Préau (France) |9 23104 | |
| 245 | 1 | 0 | |a Malmaison et l'Egypte : |b Musée national des châteaux de Malmaison et Bois-Préau, 15 avril-31 juillet 1998. |
| 264 | 1 | |a [Malmaison?] : |b Musee national des chateaux de Malmaison et Bois-Preau, |c [1998]. | |
| 300 | |a 126 pages : |b illustrations ; |c 27 cm. | ||
| 504 | |a Includes bibliographical references (p. 126) | ||
| 600 | 0 | 0 | |a Napoléon |b I, |c Emperor of the French, |d 1769-1821 |x Art collections |v Exhibition. |
| 610 | 2 | 0 | |a Musée national des châteaux de Malmaison et de Bois Préau (France) |v Exhibitions. |
| 650 | 0 | |a Art, Egyptian |v Exhibitions. | |
| 650 | 0 | |a Art |z France |v Exhibitions. | |
| 651 | 0 | |a Egypt |x Antiquities |v Exhibitions. | |
| 901 | |a reviewed | ||
| 942 | |c BK |2 lcc | ||
| 999 | |c 2273 |d 2273 | ||
